|
|
|
|
| LEADER |
00000nam0a2200000 4500 |
| 001 |
159957 |
| 005 |
20231031155416.0 |
| 010 |
|
|
|a 5211010442
|
| 035 |
|
|
|a (RuTPU)RU\TPU\book\173477
|
| 090 |
|
|
|a 159957
|
| 100 |
|
|
|a 20090516d1990 m y0rusy50 ca
|
| 101 |
0 |
|
|a rus
|
| 102 |
|
|
|a RU
|
| 105 |
|
|
|a y z 001zy
|
| 200 |
1 |
|
|a Православие и реформация. Реформационные движения в восточнославянских землях Речи Посполитой во второй половине ХVI в.
|f М. В. Дмитриев
|
| 210 |
|
|
|a Москва
|c Изд-во Московского ун-та
|d 1990
|
| 215 |
|
|
|a 135 с.
|c ил.
|
| 320 |
|
|
|a Библиография в примечаниях.
|
| 320 |
|
|
|a Именной указатель: с. 130-135.
|
| 610 |
1 |
|
|a православие
|
| 610 |
1 |
|
|a реформация
|
| 610 |
1 |
|
|a реформационные движения
|
| 610 |
1 |
|
|a Польша
|
| 610 |
1 |
|
|a Речь Посполитая
|
| 610 |
1 |
|
|a 16 век
|
| 686 |
|
|
|a Э372-3
|2 rubbk
|
| 700 |
|
1 |
|a Дмитриев
|b М. В.
|g Михаил Владимирович
|
| 801 |
|
1 |
|a RU
|b 63413507
|c 20090516
|g PSBO
|
| 801 |
|
2 |
|a RU
|b 63413507
|c 20090623
|g PSBO
|
| 942 |
|
|
|c BK
|